<?xml version="1.0" encoding="UTF-8"?>
<record
    xmlns:xsi="http://www.w3.org/2001/XMLSchema-instance"
    xsi:schemaLocation="http://www.loc.gov/MARC21/slim http://www.loc.gov/standards/marcxml/schema/MARC21slim.xsd"
    xmlns="http://www.loc.gov/MARC21/slim">

  <leader>00896cam a22002531a 4500</leader>
  <controlfield tag="001">ne 63001567 </controlfield>
  <controlfield tag="003">DLC</controlfield>
  <controlfield tag="005">20260227111748.0</controlfield>
  <controlfield tag="008">810904s1960    ku       b   f001 0 ara c</controlfield>
  <datafield tag="010" ind1=" " ind2=" ">
    <subfield code="a">ne 63001567 </subfield>
  </datafield>
  <datafield tag="035" ind1=" " ind2=" ">
    <subfield code="a">(OCoLC)7728866</subfield>
  </datafield>
  <datafield tag="040" ind1=" " ind2=" ">
    <subfield code="a">Princeton Univ. Libr.</subfield>
    <subfield code="c">TU</subfield>
    <subfield code="d">TU</subfield>
    <subfield code="d">InU</subfield>
    <subfield code="d">DLC</subfield>
  </datafield>
  <datafield tag="042" ind1=" " ind2=" ">
    <subfield code="a">premarc</subfield>
  </datafield>
  <datafield tag="050" ind1="0" ind2="0">
    <subfield code="a">PJ6591</subfield>
    <subfield code="b">.I3 1960</subfield>
  </datafield>
  <datafield tag="100" ind1="2" ind2=" ">
    <subfield code="a">Ibn al-Anb&#x101;r&#x12B;, Mu&#x1E25;ammad ibn al-Q&#x101;sim,</subfield>
    <subfield code="d">885-940?</subfield>
  </datafield>
  <datafield tag="245" ind1="1" ind2="0">
    <subfield code="a">Kit&#x101;b al-a&#x1E0D;d&#x101;d /</subfield>
    <subfield code="c">ta&#x2BC;l&#x12B;f Ibn al-Q&#x101;sim al-Anb&#x101;r&#x12B; ; &#x2BB;uniya bi-ta&#x1E25;q&#x12B;qih &#x2BB;an nuskhah far&#x12B;dah Mu&#x1E25;ammad Ab&#x16B; al-Fa&#x1E0D;l Ibr&#x101;h&#x12B;m.</subfield>
  </datafield>
  <datafield tag="260" ind1=" " ind2=" ">
    <subfield code="a">al-Kuwayt :</subfield>
    <subfield code="b">D&#x101;&#x2BC;irat al-Ma&#x1E6D;b&#x16B;&#x2BB;&#x101;t wa al-Nashr,</subfield>
    <subfield code="c">1960.</subfield>
  </datafield>
  <datafield tag="300" ind1=" " ind2=" ">
    <subfield code="a">8, 517 p. ;</subfield>
    <subfield code="c">24 cm.</subfield>
  </datafield>
  <datafield tag="440" ind1=" " ind2="0">
    <subfield code="a">Tur&#x101;th al-&#x2BB;Arab&#x12B; ;</subfield>
    <subfield code="v">2</subfield>
  </datafield>
  <datafield tag="500" ind1=" " ind2=" ">
    <subfield code="a">Romanized record.</subfield>
  </datafield>
  <datafield tag="504" ind1=" " ind2=" ">
    <subfield code="a">Bibliography: p. 514-517.</subfield>
  </datafield>
  <datafield tag="500" ind1=" " ind2=" ">
    <subfield code="a">Includes indexes.</subfield>
  </datafield>
  <datafield tag="650" ind1=" " ind2="0">
    <subfield code="a">Arabic language</subfield>
    <subfield code="x">Synonyms and antonyms.</subfield>
  </datafield>
  <datafield tag="999" ind1=" " ind2=" ">
    <subfield code="c">46148</subfield>
    <subfield code="d">46148</subfield>
  </datafield>
</record>
